Normal view
MARC view
- Ecosystem services
Entry Topical Term
001 - CONTROL NUMBER
- control field: 15621
003 - CONTROL NUMBER IDENTIFIER
- control field: OSt
005 - DATE AND TIME OF LATEST TRANSACTION
- control field: 20260305132841.0
008 - FIXED-LENGTH DATA ELEMENTS
- fixed length control field: 260305|| aca||aabn | a|a d
040 ## - CATALOGING SOURCE
- Original cataloging agency: OSt
- Transcribing agency: OSt
150 ## - HEADING--TOPICAL TERM
- Topical term or geographic name entry element: Ecosystem services
670 ## - SOURCE DATA FOUND
- Source citation: Work cat.: (OSt)6147: Bluffstone, Randall, 1960- author aut http://id.loc.gov/vocabulary/relators/aut http://id.loc.gov/authorities/names/n97058337 http://id.loc.gov/rwo/agents/n97058337 15620, Environmental economics and ecosystem services /